000 00679nam a22002057a 4500
003 NUST-PNEC
005 20170114142547.0
008 140717b xxu||||| |||| 00| 0 eng d
020 _a041258140X
040 _cPNEC
082 _a670.285 WU
100 _9175
_aWu Bin
245 _aManufacturing Systems Design and Analysis
_cBin Wu
250 _a2nd ed.
260 _aLondon
_bChapman & Hall
_cc.1994
300 _a467 p.
_bill. :
500 _ahttp://www.amazon.com/Manufacturing-Systems-Analysis-Context-Techniques/dp/041258140X/ref=sr_1_sc_2?s=books&ie=UTF8&qid=1405588443&sr=1-2-spell&keywords=manufecturing+system+design+and+analysis
650 _xME
942 _2ddc
_cBK
999 _c60219
_d60219